000 00460pab a2200181 454500
008 180718b2009 xxu||||| |||| 00| 0 eng d
100 _aBeg, Mirza Asmer
245 _aUttar Pradesh: signs of a congress revival?
260 _c2009
300 _ap.190-93.
362 _a26 Sep
650 _aElections - India - Uttar pradesh
650 _aElections
700 _aSuhir Kumar
773 _aEconomic and Political Weekly
908 _aN
909 _a83952
999 _c83952
_d83952